000 00575nam a2200157 a 4500
001 BRCA_678
005 20190320203113.0
008 190508s----2006us-a---###---#000-0#eng-#
050 4 _aN582.6
_b.P47 2006
245 1 0 _aThe Permanent Collection of the Minneapolis Institute of Arts.
260 _aMinneapolis, Minnesota
_bThe Minneapolis Institute of Arts
_c2006
300 _a56 p.
_bil. a color
_c25 cm.
_e1 folleto
610 2 4 _aMinneapolis Institute of Arts (Minnesota)
_xColecciones de arte
_92233
650 1 4 _aMuseos de artes decorativas
_zEstados Unidos
_92234
942 _2lcc
_cB
999 _c584
_d584